| Record ID | ia:inventingvictori00swee |
| Source | Internet Archive |
| Download MARC XML | https://archive.org/download/inventingvictori00swee/inventingvictori00swee_marc.xml |
| Download MARC binary | https://www.archive.org/download/inventingvictori00swee/inventingvictori00swee_meta.mrc |
LEADER: 01133cam 2200301 a 4500
001 2002512155
003 DLC
005 20050111124935.0
008 020910r20012001nyua b 001 0 eng d
010 $a 2002512155
020 $a0312283261
035 $a(OCoLC)ocm48477090
040 $aDPB$cDPB$dTXH$dDLC
042 $alccopycat
043 $ae-uk---
050 00 $aDA550$b.S93 2001b
100 1 $aSweet, Matthew.
245 10 $aInventing the Victorians /$cMatthew Sweet.
250 $a1st U.S. ed.
260 $aNew York :$bSt. Martin's Press,$c2001.
300 $axxiii, 264 p. :$bill. ;$c22 cm.
500 $aOriginally published: London : Faber, c2001.
504 $aIncludes bibliographical references (p. 233-250) and index.
651 0 $aGreat Britain$xHistory$yVictoria, 1837-1901$xHistoriography.
651 0 $aGreat Britain$xSocial life and customs$y19th century.
651 0 $aGreat Britain$xCivilization$y19th century.
856 42 $3Contributor biographical information$uhttp://www.loc.gov/catdir/bios/hol054/2002512155.html
856 42 $3Publisher description$uhttp://www.loc.gov/catdir/description/hol042/2002512155.html